Ekonomická integrácia migrantov na príklade Francúzska a Spojeného kráľovstva bakalárska práca

Guardado en:
Detalles Bibliográficos
Autor principal: Lennerová, Lujza
Autor Corporativo: Fakulta medzinárodných vzťahov EU. Katedra medzinárodných ekonomických vzťahov a hospodárskej diplomacie
Otros Autores: Janubová, Barbora, 1991-
Formato: Libro
Lenguaje:eslovaco
Publicado: Bratislava 2018
Etiquetas: Agregar Etiqueta
Sin Etiquetas, Sea el primero en etiquetar este registro!

MARC

LEADER 00000nbm a2200000 4500
001 0244518
005 20180924093100.9
041 0 |a slo 
044 |a SK 
245 1 0 |a Ekonomická integrácia migrantov na príklade Francúzska a Spojeného kráľovstva  |b bakalárska práca  |c Lujza Lennerová ; školiteľ: Barbora Janubová 
264 1 |a Bratislava  |c 2018 
300 |a 41 s. 
100 1 |a Lennerová, Lujza 
700 1 |a Janubová, Barbora, 1991- 
710 2 |a Fakulta medzinárodných vzťahov EU. Katedra medzinárodných ekonomických vzťahov a hospodárskej diplomacie